Modern probability theory : (Record no. 1295)

MARC details
000 -LEADER
fixed length control field 01022nac a22002891i 4500
003 - CONTROL NUMBER IDENTIFIER
control field EG-ScBUE
005 - DATE AND TIME OF LATEST TRANSACTION
control field 20250326091409.0
008 - FIXED-LENGTH DATA ELEMENTS--GENERAL INFORMATION
fixed length control field 250306r20041999ii a f b 001 0 eng d
020 ## - INTERNATIONAL STANDARD BOOK NUMBER
International Standard Book Number 0470202629
020 ## - INTERNATIONAL STANDARD BOOK NUMBER
International Standard Book Number 8122411894
040 ## - CATALOGING SOURCE
Original cataloging agency EG-ScBUE
Language of cataloging eng
Description conventions rda
Transcribing agency EG-ScBUE
Modifying agency EG-ScBUE
082 04 - DEWEY DECIMAL CLASSIFICATION NUMBER
Classification number 519.2
Item number BHA
Edition number 22
100 1# - MAIN ENTRY--PERSONAL NAME
Personal name Bhat, B. Ramdas,
Relator term author.
245 10 - TITLE STATEMENT
Title Modern probability theory :
Remainder of title an introductory textbook /
Statement of responsibility, etc B. Ramdas Bhat, professor of statistics, University of Botswana, Gaborone.
250 ## - EDITION STATEMENT
Edition statement Third edition.
250 ## - EDITION STATEMENT
Edition statement Reprint edition.
264 #1 - PUBLICATION, DISTRIBUTION, ETC. (IMPRINT)
Place of publication, distribution, etc Ansari Road, Daryaganj, New Delhi :
Name of publisher, distributor, etc New Age International (P) Limited, Publishers,
Date of publication, distribution, etc 2004.
300 ## - PHYSICAL DESCRIPTION
Extent xv, 328 pages :
Other physical details illustrations ;
Dimensions 25 cm
336 ## - CONTENT TYPE
Source rdacontent
Content type term text
Content type code txt
337 ## - MEDIA TYPE
Media type term unmediated
Source rdamedia
Media type code n
338 ## - CARRIER TYPE
Carrier type term volume
Carrier type code nc
Source rdacarrier
500 ## - GENERAL NOTE
General note Includes appendix.
504 ## - BIBLIOGRAPHY, ETC. NOTE
Bibliography, etc Includes bibliographical references and index.<br/>
650 #7 - SUBJECT ADDED ENTRY--TOPICAL TERM
Topical term or geographic name as entry element Probabilities.
Source of heading or term BUEsh
655 ## - INDEX TERM--GENRE/FORM
Form subdivision Reading book
942 ## - ADDED ENTRY ELEMENTS (KOHA)
Koha item type Book - Borrowing
Source of classification or shelving scheme Dewey Decimal Classification
Holdings
Withdrawn status Lost status Source of classification or shelving scheme Damaged status Not for loan Collection code Home library Current library Shelving location Date acquired Cost, normal purchase price Total Checkouts Full call number Barcode Date last seen Cost, replacement price Price effective from Koha item type
    Dewey Decimal Classification     Baccah Central Library Central Library First floor 31/08/2006 62.00   519.2 BHA 000003175 15/07/2025 77.50 31/08/2006 Book - Borrowing